Ein kniffliger Countdown - Statistiken

Allgemein
  • Dieses Quiz wurde 221 mal gespielt
  • Das Durchschnittsergebnis liegt bei 5 aus 14
Antwortstatistiken
# % Korrekt
93
100%
86
87%
79
74%
72
63%
65
51%
58
38%
51
29%
44
16%
37
13%
30
11%
23
9%
16
5%
9
5%
2
3%
Keine übereinstimmenden Quizze gefunden
Verteilung der Resultate
Anzahl Personen mit jedem Resultat
Perzentil nach korrekt beantworteten Fragen
Ihre Resultats-Entwicklung
Sie haben dieses Quiz noch nicht gespielt